Global competitiveness of U.S. advanced-technology industries : computers

Αποθηκεύτηκε σε:
Λεπτομέρειες βιβλιογραφικής εγγραφής
Μορφή: Βιβλίο
Γλώσσα:Undetermined
Έκδοση: Washington United States International Trade Commission 1993
Θέματα:
Ετικέτες: Προσθήκη ετικέτας
Δεν υπάρχουν, Καταχωρήστε ετικέτα πρώτοι!
Thư viện lưu trữ: Trung tâm Học liệu Trường Đại học Cần Thơ
LEADER 00528nam a2200181Ia 4500
001 CTU_86940
008 210402s9999 xx 000 0 und d
082 |a 384.041 
082 |b G562 
245 0 |a Global competitiveness of U.S. advanced-technology industries : 
245 0 |b computers 
260 |a Washington 
260 |b United States International Trade Commission 
260 |c 1993 
650 |a Competition 
650 |z United states 
904 |i Tuyến 
980 |a Trung tâm Học liệu Trường Đại học Cần Thơ